01264cam a2200313 a 450000100090000000300040000900500170001300800410003001000170007102000150008804000180010304200100012104300120013105000250014308200120016811100990018024501070027926000920038630000350047850400640051365000490057765000400062665100560066665100500072270000230077270000260079571000480082185600810086914707027OSt20250203102620.0070123s2006 ke a b 101 0 eng  a 2006317391 a9966977279 aDLCcDLCdDLC alcode af------00aJZ6009.A35bC66 2006 a973.9312 aConference on Rethinking Global Security from an African Perspectived(2006 :cNairobi, Kenya)10aRethinking global security :ban African perspective? /c[edited by Makumi Mwagiru and Okello Oculli]. aNairobi :bHeinrich Böll Foundation, Regional Office, East and Horn of Africa,c2006. aviii, 293 p. :bill. ;c25 cm. aIncludes bibliographical references (p. 274-280) and index. 0aSecurity, InternationalzAfricavCongresses. 0aPeace-buildingzAfricavCongresses. 0aAfricaxPolitics and governmenty1960-vCongresses. 0aAfricaxForeign relationsy1960-vCongresses.1 aMwagiru, Makũmi.1 aOculi, Okello,d1942-2 aHeinrich Böll Foundation (Nairobi, Kenya)413Table of contents onlyuhttp://www.loc.gov/catdir/toc/fy0707/2006317391.html